| 000 | 00573nam a2200193 a 4500 | ||
|---|---|---|---|
| 003 | PILC | ||
| 005 | 20150112093437.0 | ||
| 008 | 100721s19uu xx 00 eng d | ||
| 020 | _a0273602829 | ||
| 050 |
_aHF 5500 _b.Ap648 1994 |
||
| 082 |
_aMnSF 658 _bAp5 1994 |
||
| 100 |
_aAppleby, Robert C. _916589 |
||
| 245 | _aModern business administration / | ||
| 250 | _a6th ed. | ||
| 260 |
_aLon Acre, London : _bFinancial Times Managment, _c1994. |
||
| 300 |
_a500 pages : _bcolored illustration ; _c27 cm. |
||
| 650 |
_aBusiness firm - Management _916590 |
||
| 942 |
_2lcc _cBK |
||
| 999 |
_c14609 _d14609 |
||